000
00278nam a2200109Ia 4500
008
200302s9999 xx 000 0 und d
100
_a
Paul Gipe
245
_a
Wind power Renewable Energy
260
_b
Chelsea Green Publishing Company Vermont
260
_c
1995
300
_a
413 P.,
999
_c
3943
_d
3943